बेरड (Record no. 107728)

MARC details
000 -LEADER
fixed length control field 00434nam a2200169Ia 4500
008 - FIXED-LENGTH DATA ELEMENTS--GENERAL INFORMATION
fixed length control field 090124s9999 xx 000 0 und d
082 ## - DEWEY DECIMAL CLASSIFICATION NUMBER
Item number 28497
100 ## - MAIN ENTRY--PERSONAL NAME
Personal name गस्ती भीमराव
245 ## - TITLE STATEMENT
Title बेरड
250 ## - EDITION STATEMENT
Edition statement 0
300 ## - PHYSICAL DESCRIPTION
Extent 330
600 ## - SUBJECT ADDED ENTRY--PERSONAL NAME
Personal name गस्ती भीमराव
630 ## - SUBJECT ADDED ENTRY--UNIFORM TITLE
Uniform title बेरड
700 ## - ADDED ENTRY--PERSONAL NAME
Personal name गस्ती भीमराव
730 ## - ADDED ENTRY--UNIFORM TITLE
Uniform title बेरड
942 ## - ADDED ENTRY ELEMENTS (KOHA)
Koha item type Book
Holdings
Withdrawn status Lost status Damaged status Not for loan Home library Current library Date acquired Cost, normal purchase price Total Checkouts Full call number Barcode Date last seen Cost, replacement price Price effective from Koha item type
  Missing from bundle     Nagar Wachan Mandir, Thane Nagar Wachan Mandir, Thane   85.00   28497 THNNWM-28497 01/24/2009 85.00 01/24/2009 Book